Wandlungen der deutschen elite (Record no. 417567)

000 -LEADER
fixed length control field 00380cam a22001337a 4500
008 - FIXED-LENGTH DATA ELEMENTS--GENERAL INFORMATION
fixed length control field 180718b1965 xxu||||| |||| 00| 0 eng d
082 ## - DEWEY DECIMAL CLASSIFICATION NUMBER
Classification number B124x43 Z17
100 ## - MAIN ENTRY--PERSONAL NAME
Personal name Zapf, Wolfgang
245 ## - TITLE STATEMENT
Title Wandlungen der deutschen elite
Statement of responsibility, etc. by Wolfgang Zapf
260 ## - PUBLICATION, DISTRIBUTION, ETC.
Place of publication, distribution, etc. Verlag Munchen
Name of publisher, distributor, etc. R.Piper
Date of publication, distribution, etc. 1965
300 ## - PHYSICAL DESCRIPTION
Extent 260p
650 ## - SUBJECT ADDED ENTRY--TOPICAL TERM
Topical term or geographic name entry element Elite (Social sciences)
650 ## - SUBJECT ADDED ENTRY--TOPICAL TERM
Topical term or geographic name entry element Social classes -Germany
Holdings
Withdrawn status Lost status Damaged status Not for loan Permanent Location Current Location Date acquired Full call number Barcode Date last seen Price effective from Koha item type
        Indian Institute of Public Administration Indian Institute of Public Administration 2009-03-26 B124x43 Z17 40388 2018-07-21 2018-07-21 Book

Powered by Koha